Groups of Things - Star Wars #2 - Statistics

General Stats
  • This quiz has been taken 493 times
    488 since last reset
  • The average score is 18 of 54
Answer Stats
Hint Answer % Correct
Jedi Ranks Master
90%
Jedi Ranks Padawan
86%
Major movie factions Galactic Empire
76%
Jedi Ranks Knight
76%
Jedi Ranks Youngling
73%
Jedi Ranks Grand Master
70%
Major movie factions Galactic Republic
69%
Major movie factions Rebel Alliance
69%
Major movie factions First Order
68%
Rogue One main group (Scarif) Cassian Andor
60%
Rogue One main group (Scarif) Jyn Erso
58%
Major movie factions Resistance
57%
Major movie factions Confederacy of Independent Systems
54%
Battlefront 2 EA Sequel Heroes Rey
48%
Battlefront 2 EA Sequel Heroes Finn
45%
Rogue One main group (Scarif) K-2SO
45%
The five crime syndicates Hutt Clan
43%
Battlefront 2 EA Sequel Heroes Kylo Ren
42%
Battlefront 2 EA Sequel Heroes BB-8
38%
The five crime syndicates Pyke Syndicate
35%
Rogue One main group (Scarif) Bodhi Rook
34%
Major movie factions New Republic
34%
Rogue One main group (Scarif) Chirrut Îmwe
32%
Battlefront 2 EA Sequel Heroes Captain Phasma
31%
Fallen Order Planets Dathomir
31%
Rogue One main group (Scarif) Baze Malbus
30%
The five crime syndicates Black Sun
26%
Fallen Order Planets Kashyyyk
26%
Battlefront 2 2005 Hunt special Specieses Ewoks
25%
The five crime syndicates Crimson Dawn
23%
Battlefront 2 2005 Hunt special Specieses Wookies
21%
Lightsaber combat forms Juyo / Vaapad
19%
Delta Squad RC-1262 „Scorch“
19%
Fallen Order Planets Zeffo
18%
Battlefront 2 EA Sequel Heroes BB-9E
17%
Fallen Order Planets Ilum
17%
Battlefront 2 2005 Hunt special Specieses Jawas
17%
Battlefront 2 2005 Hunt special Specieses Wampas
17%
Delta Squad RC-1138 „Boss“
16%
Lightsaber combat forms Soresu
16%
Lightsaber combat forms Ataru
15%
Fallen Order Planets Bogano
15%
Fallen Order Planets Bracca
15%
Battlefront 2 2005 Hunt special Specieses Gungans
15%
Delta Squad RC-1140 „Fixer“
15%
Delta Squad RC-1207 „Sev“
15%
Lightsaber combat forms Makashi
13%
Battlefront 2 2005 Hunt special Specieses Tusken Raiders
13%
Battlefront 2 2005 Hunt special Specieses Geonosians
12%
Fallen Order Planets Nur
11%
Lightsaber combat forms Shien / Djem So
11%
Lightsaber combat forms Shii-Cho
7%
Lightsaber combat forms Niman
6%
The five crime syndicates Crymorah syndicate
3%
No matching quizzes found
Score Distribution
Percent of People with Each Score
Percentile by Number Answered
Your Score History
You have not taken this quiz since the last reset